| 000 | 00710nam a2200241Ia 4500 | ||
|---|---|---|---|
| 005 | 20260430150542.0 | ||
| 008 | 008 250103s9999 xx 000 0 eng d | ||
| 037 | _aTheses | ||
| 040 | _aCRL | ||
| 040 | _beng | ||
| 040 | _ceng | ||
| 041 | _2eng | ||
| 041 | _aeng | ||
| 084 | _qCRL | ||
| 100 |
_aYadav Vipul Au.; Naorem Aruna Gu. _91237829 |
||
| 245 | 0 | _aElucidating the Function of Pina, a Parvulin PPIase, in Dictyostelium Discoideum using Gene Deletion and Mutant Studies | |
| 260 | _c2024 | ||
| 300 | _a162p. | ||
| 650 | _aGenetics | ||
| 700 |
_aUniversity of Delhi. Faculty of Inter-Disciplinary&Applied Science. Deptt. of Genetics _91237827 |
||
| 942 | _cTH | ||
| 999 |
_c1850058 _d1850058 |
||